Equivalent circuits of electric machinery (Record no. 10844)

000 -LEADER
fixed length control field 00518nam a22001931 4500
001 - CONTROL NUMBER
control field 10844
003 - CONTROL NUMBER IDENTIFIER
control field BD-DhUET
008 - FIXED-LENGTH DATA ELEMENTS--GENERAL INFORMATION
fixed length control field 751016s1951 nyua 000 0 eng
040 ## - CATALOGING SOURCE
Original cataloging agency DLC
Transcribing agency DLC
Modifying agency BD-DhUET
082 ## - DEWEY DECIMAL CLASSIFICATION NUMBER
Classification number 623.13
Item number KRO/1951
100 ## - MAIN ENTRY--PERSONAL NAME
Personal name Kron, Gabriel
245 10 - TITLE STATEMENT
Title Equivalent circuits of electric machinery
250 ## - EDITION STATEMENT
Edition statement 1st ed.
260 ## - PUBLICATION, DISTRIBUTION, ETC. (IMPRINT)
Place of publication, distribution, etc. New York
Name of publisher, distributor, etc. John Wiley & Sons
Date of publication, distribution, etc. 1951
300 ## - PHYSICAL DESCRIPTION
Extent xviii, 278p.
Other physical details illus.
Dimensions 24 cm.
490 ## - SERIES STATEMENT
Series statement General electric series
650 #0 - SUBJECT ADDED ENTRY--TOPICAL TERM
Topical term or geographic name as entry element Electric machinery
942 ## - ADDED ENTRY ELEMENTS (KOHA)
Koha item type General Book
Holdings
Not for loan Price effective from Copy number Piece designation (barcode) Koha full call number Sublocation or collection (holding branch) Withdrawn status Koha date last seen Source of classification or shelving scheme Koha normalized classification for sorting Shelving location Location (home branch) Lost status Damaged status Date acquired Koha item type
 2015-02-10149145623.13/KRO/1951Central Library, BUET 2015-02-10 623_130000000000000_KRO_1951Circulation sectionCentral Library, BUET  2015-02-10General Book
 2015-05-0226882623.13/KRO/1951Central Library, BUET 2015-05-02 623_130000000000000_KRO_1951Circulation sectionCentral Library, BUET  2015-05-02General Book
 2015-07-2731797623.13/KRO/1951Central Library, BUET 2015-07-27 623_130000000000000_KRO_1951Circulation sectionCentral Library, BUET  2015-07-27General Book